000 01035cam a22003257a 4500
003 CHAP
005 20220329134421.0
008 971013s1981 r 00010 d
010 _a20209
011 _a21181
035 _a25270
040 _cCHAP
090 _aFolleto 7123
100 0 0 _aDíez-Martínez Day, Soledad.
_933710
245 1 3 _aLa zábila
260 _aXalapa, Ver. :
_bInstituto Nacional de Investigaciones sobre Recursos Bióticos,
_c1981
300 _a(s.p.)
_b: ilus.
490 0 _aINIREB Informa. Comunicado
_v; 46
590 _aBATCH-UPD
_b10
_c20130110
_lUCH01
_h1135
590 _aBATCH-UPD
_b10
_c20130410
_lUCH01
_h0722
590 _aBATCH-UPD
_b10
_c20130914
_lUCH01
_h0244
590 _aBATCH-UPD
_b10
_c20130914
_lUCH01
_h2009
590 _aCONVERSION
_b10
_c20130109
_lUCH01
_h1312
650 1 4 _aAloe vera.
_94554
650 1 4 _aBotánica médica.
_914680
830 0 _aINIREB Informa. Comunicado
_v; 46
_958804
901 _aBK
942 _cFOLL
949 _aFolleto 7123
_bBC
_cFOLL
_d-58222
_eTS1
_i25270
_mD
_si
999 _c20209
_d20209